000
00283nam a2200121 a 4500
008
100917s1959|||| d
245
1
0
_a
Na prelome
_b
Cesta III
100
1
_a
Daskalov, Stojan C.
260
_b
SVKL
_a
Bratislava
_c
1959
044
_a
xo
_c
SK
041
_a
slo
020
_c
41
999
_c
10469
_d
10469